| 000 | 00435nam a2200097Ia 4500 | ||
|---|---|---|---|
| 008 | 180130s9999 xx 000 0 und d | ||
| 245 |
_cLacambra, Carmen; Friess, Daniel A.; Spencer, Tom; Moller, Iris _aBioshields: mangrove ecosystems as resilient natural coastal defences |
||
| 260 | _c2013 | ||
| 300 | _aBook title: The role of ecosystems in disaster risk reduction--Acession number C17927; pages 82-108 | ||
| 650 | _aECOSYSTEM MANAGEMENT | ||
| 999 |
_c354548 _d354548 |
||